00000000nam##2200000za#4500
0019.541340
003CaOODSP
00520210615085650
007ta
008150406|2004||||xxc|||||     f|0| 0 eng|d
022 |a0706-6457
040 |aCaOODSP|beng
041 |aeng
041 |afre
043 |an-cn---
0861 |aFs97-6/2562
1101 |aCanada. |bDepartment of Fisheries and Oceans.
24510|aProceedings of the 31st Annual Aquatic Toxicity Workshop / |cEditor, L.E. Burridge, K. Haya and A.J. Niimi.
260 |aOttawa - Ontario : |bFisheries and Oceans Canada |c2004.
300 |axviii, 138p. : |bgraphs, references, tables ; |c28 cm.
4901 |aCanadian technical report of fisheries and aquatic sciences|x0706-6457|v2562
500 |aPreliminary pages in English and French; Articles in their original language.
5203 |aThis report is part of a series containing scientific and technical information that widens existing scientific knowledge but is not considered appropriate for publication in the primary literature. The research covers such subjects as ecosystem models, methods for enhancing aquaculture, commercial fishing equipment, and environmental threats to aquatic quality and fisheries resources. Includes tables, graphs, and charts.
546 |aPreliminary pages in English and French; Articles in their original language.
563 |aSpiral binding
590 |a05-21|b2005-05-27
7201 |aHaya, K.
7201 |aBurridge, L.E.
7201 |aNiimi, A.J.
7760#|tComptes rendus du 31ième atelier annuel sur la toxicité aquatique / |w(CaOODSP)9.589954
792 |tComptes rendus du 31ième atelier annuel sur la toxicité aquatique / |efre|w(CaOODSP)9.541341
830#0|aCanadian technical report of fisheries and aquatic sciences,|x0706-6457|v2562|w(CaOODSP)9.514690